Sports Quiz

Random Sports Quiz

Most Passing Touchdowns in College Football History Quiz Stats

 Plays Quiz not verified by Sporcle

Challenge
Share
Tweet
Embed
Score 0/50 Timer 08:00
0 Plays Today
School Answer % Correct
Fresno StateDerek Carr
79.7%
FloridaTim Tebow
78.1%
HoustonCase Keenum
76.6%
OklahomaSam Bradford
76.6%
TexasColt McCoy
75%
OregonMarcus Mariota
75%
USCMatt Leinart
73.4%
PurdueDrew Brees
73.4%
TennesseePeyton Manning
73.4%
ClemsonDeshaun Watson
70.3%
WisconsinRussell Wilson
67.2%
CalJared Goff
64.1%
MarshallChad Pennington
62.5%
West VirginiaGeno Smith
62.5%
Boise StateKellen Moore
60.9%
Texas TechGraham Harrell
59.4%
OklahomaLandry Jones
59.4%
BYUTy Detmer
59.4%
OklahomaBaker Mayfield
59.4%
NC StatePhillip Rivers
57.8%
HawaiiColt Brennan
56.3%
GeorgiaAaron Murray
56.3%
UTEPJordan Palmer
56.3%
MissouriChase Daniel
54.7%
USCMatt Barkley
53.1%
School Answer % Correct
ClemsonTajh Boyd
53.1%
Texas TechPatrick Mahomes
53.1%
HawaiiTimmy Chang
51.6%
Notre DameBrady Quinn
51.6%
Marshall Byron Leftwich
50%
FloridaChris Leak
50%
FloridaDanny Wuerffel
48.4%
Texas TechKliff Kingsbury
42.2%
Washington StateLuke Falk
39.1%
Houston David Klingler
37.5%
USCCody Kessler
32.8%
MarshallRakeem Cato
31.3%
Central MichiganDan Lefevour
28.1%
BYUMax Hall
25%
Louisiana TechTim Rattay
23.4%
Western KentuckyBrandon Doughty
23.4%
KansasTodd Reesing
23.4%
San Diego StateRyan Lindley
15.6%
Western MichiganZach Terrell
14.1%
Washington StateConnor Halliday
14.1%
Central MichiganCooper Rush
12.5%
RiceChase Clement
7.8%
Ball StateKeith Wenning
6.3%
Western MichiganTim Hiller
4.7%
UTEPTrevor Vittatoe
4.7%

You're not logged in!

Compare scores with friends on all Sporcle quizzes.
Join for Free
OR
Log In

You Might Also Like...

Show Comments

Extras

Created Aug 7, 2017ReportNominate
Tags:college football

Top Quizzes Today


Score Distribution

Your Account Isn't Verified!

In order to create a playlist on Sporcle, you need to verify the email address you used during registration. Go to your Sporcle Settings to finish the process.

Report this User

Report this user for behavior that violates our Community Guidelines.

Details: